Statistics for Diaspora-Finland

Click here to take the quiz!

General Stats

  • This quiz has been taken 258 times
  • The average score is 10 of 11

Answer Stats

Number of immigrantsContinentCountry% Correct
636.587North AmericaUnited States of America
100%
127.600Asia/ EuropeRussia
99%
165.045-712.000EuropeSweden
99%
136.215North AmericaCanada
98%
30.359OceaniaAustralia
96%
16.000EuropeGermany
93%
15.000-60.000EuropeNorway
93%
15.000-30.000EuropeUnited Kingdom
91%
8.260EuropeEstonia
87%
6.000EuropeFrance
84%
12.961EuropeSpain
84%

Score Distribution

Percentile by Number Answered

Percent of People with Each Score

Your Score History

You have not taken this quiz